| 000 | 01248nam2a22002651 4500 | ||
|---|---|---|---|
| 001 | rc\4529236 | ||
| 005 | 20250612110721.0 | ||
| 021 |
_aRU _b[67-61649] |
||
| 035 | _a(NLR Aleph) 008628624 | ||
| 090 |
_a8868193 _c8868193 |
||
| 100 | _a20130416d1966 |||y0rusy50 ca | ||
| 101 | 0 | _arus | |
| 102 | _aRU | ||
| 105 | _ay z ||||| | ||
| 200 | 0 |
_a... в 1961 году _f[Сост. Е. Новиченко] |
|
| 210 |
_d1966 _aБ. м. |
||
| 215 | _a583 с. | ||
| 461 | 0 |
_1001rc\4529235 _12001#$aКиргизская ССР...$eУказатель литературы$fМ-во культуры Кирг. ССР. Гос. респ. б-ка Кирг. ССР им. Н.Г. Чернышевского. Отд. нац. библиографии$v... в 1961 году _98868190 _cФрунзе _d1966 _fМ-во культуры Кирг. ССР. Гос. респ. б-ка Кирг. ССР им. Н.Г. Чернышевского. Отд. нац. библиографии _nБ. и. _oУказатель литературы _tКиргизская ССР... _v... в 1961 году |
|
| 702 | 1 |
_aНовиченко _bЕ. _4220 |
|
| 801 | 0 |
_aRU _bNLR _gpsbo |
|
| 801 | 1 |
_aRU _bELAR _2rusmarc |
|
| 852 |
_aNLR _jС581Кирг/К-43 |
||
| 942 | _cBOOK | ||
| 980 | _aNB | ||